000 00966nam a22002535i 4500
001 177723
003 ES-MaACL
005 20230906220409.0
008 110414s1948 be f |||| | fre d
080 _a730 Wouters, Rik
080 _a75 Wouters, Rik
100 1 _aDelen, A. J. J.
_9146191
245 1 0 _aRik Wouters /
_cpar A. J. J. Delen.
260 _aAnvers ; Bruxelles :
_bDe Sikkel, pour le Ministere de l'Instruction Publique, les editions du Cercle d'Art,
_ccop. 1948.
300 _a15, [24] p. de lám. bl. y n. , [2] h. de lám. col. y n. ;
_c25 cm.
490 1 _aMonographies de l'art belge. Deuxième Série ;
_v8
500 _aÍndice.
504 _aBibliografía: p. 13.
546 _aTexto en francés, leyenda de las ilustraciones en francés y holandés.
600 1 4 _aWouters, Rik.
_9146192
830 0 _aMonographies de l'art belge. Deuxième Série ;
_v8
_9190568
852 _aES-MaACL
_jE-14913
_xOlim P-972
999 _c177723
_d177723